Hauts de Seine - Mort subite - Statistiques

Statistiques générales
  • Ce quiz a été pris 142 fois
    133 depuis la dernière actualisation
  • Le résultat moyen est 2 sur 12
Answers on the Grid
Answers color-coded by a green-red scale on the quiz's grid according to % correct below.
La Défense
La Vache noire
Domaine national de Saint Cloud
Aquaboulevard
Vélizy 2
Les Milons
Parc des Chanteraines
Pereire-Levallois RER
Hôpital Béclère
Cachan
Les Agnettes
Viroflay Rive Droite
Lycée Michelet
Epinay sur Seine
L'Ile Seguin
Bois de Boulogne
L'Ile Saint Denis
Observatoire de Paris
Mont Valérien
Saint Ouen sur Seine
Bagneux RER
La Croix de Berny
Chaville-Vélizy RER
Massy
Vaucresson
 
Statistiques - réponses
Réponse % Correct
La Défense
93%
Domaine national de Saint Cloud
44%
L'Ile Seguin
11%
Mont Valérien
11%
Les Agnettes
9%
Les Milons
9%
Vaucresson
9%
Hôpital Béclère
7%
La Croix de Berny
7%
Lycée Michelet
7%
Observatoire de Paris
7%
Parc des Chanteraines
7%
Aucun quiz correspondant
Distribution des résultats
% des personnes avec chaque résultat
Percentile par nombre de réponses
Votre historique - résultats
Vous n’avez pas pris ce quiz depuis la dernière actualisation